[Event "Satu Mare Szabo Memorial"]
[Site "Satu Mare"]
[Date "2019.08.04"]
[Round "4"]
[White "Gheng, Dominik"]
[Black "Szegedy, Matyas"]
[Result "1-0"]
[WhiteElo "2102"]
[BlackElo "1854"]
[PlyCount "107"]
[EventDate "2019.08.02"]
[EventType "swiss"]
[EventRounds "9"]
[EventCountry "ROU"]
[SourceTitle "CBM 191 Extra"]
[Source "ChessBase"]
[SourceDate "2019.09.30"]
[SourceVersion "1"]
[SourceVersionDate "2019.09.30"]
[SourceQuality "1"]

1. e4 c6 2. d4 d5 3. exd5 cxd5 4. c4 Nf6 5. Nc3 e6 6. c5 Nc6 7. a3 Be7 8. b4 a6 9. Nf3 0-0 10. Bd3 Nd7 11. 0-0 Bf6 12. Bc2 Re8 13. Bb2 Nf8 14. Re1 e5 15. dxe5 Nxe5 16. Nxe5 Bxe5 17. Qxd5 Qf6 18. Re3 Bd7 19. Rae1 Bc6 20. Qc4 Qg5 21. Be4 Qh6 22. g3 Bxc3 23. Bxc3 Bxe4 24. Rxe4 Rxe4 25. Qxe4 Qc6 26. Qxc6 bxc6 27. Rd1 Ne6 28. Rd6 Rc8 29. f4 g6 30. Bf6 Kf8 31. Kf2 Ke8 32. Ke2 Nf8 33. Kd3 Nd7 34. Kc4 Nf8 35. a4 Ne6 36. Bd4 Ke7 37. b5 axb5+ 38. axb5 cxb5+ 39. Kxb5 Nc7+ 40. Kb6 Ne6 41. Kb7 Rc7+ 42. Kb8 Rd7 43. Bf6+ Ke8 44. Rc6 Rd5 45. Rc8+ Kd7 46. c6+ Kd6 47. Be5+ Ke7 48. c7 Rb5+ 49. Ka7 Kd7 50. Rb8 Rc5 51. Kb6 f6 52. Rd8+ Nxd8 53. cxd8Q+ Kxd8 54. Bxf6+ 1-0

[Event "Forchheim op 17th"]
[Site "Forchheim"]
[Date "2018.09.22"]
[Round "3"]
[White "Hesse, Henrik"]
[Black "Gheng, Dominik"]
[Result "1/2-1/2"]
[WhiteElo "2218"]
[BlackElo "1995"]
[PlyCount "26"]
[EventDate "2018.09.21"]
[EventType "swiss"]
[EventRounds "5"]
[EventCountry "GER"]
[SourceTitle "EXT 2019"]
[Source "ChessBase"]
[SourceDate "2018.10.10"]
[SourceVersion "1"]
[SourceVersionDate "2018.10.10"]
[SourceQuality "1"]

1. c4 e5 2. g3 Nf6 3. Bg2 d5 4. cxd5 Nxd5 5. Nc3 Be6 6. Qb3 Nb4 7. Qa4+ Bd7 8. Qd1 Bc6 9. Nf3 Nd7 10. 0-0 Bc5 11. a3 Nd5 12. d4 exd4 13. Nxd4 Bxd4 1/2-1/2

[Event "Miercurea Ciuc Bancpost op 21th"]
[Site "Miercurea Ciuc"]
[Date "2018.08.23"]
[Round "7"]
[White "Gombocz, Zsofia"]
[Black "Gheng, Dominik"]
[Result "0-1"]
[WhiteElo "1978"]
[BlackElo "1920"]
[PlyCount "36"]
[EventDate "2018.08.17"]
[EventType "swiss"]
[EventRounds "7"]
[EventCountry "ROU"]
[SourceTitle "CBM 189 Extra"]
[Source "ChessBase"]
[SourceDate "2019.06.03"]
[SourceVersion "1"]
[SourceVersionDate "2019.06.03"]
[SourceQuality "1"]

1. e4 e5 2. Nf3 Nc6 3. Bb5 a6 4. Ba4 Nf6 5. d4 b5 6. Bb3 exd4 7. Ng5 d5 8. exd5 Na5 9. d6 Nxb3 10. Qe2+ Be6 11. Nxe6 Nxc1 12. Nxc7+ Kd7 13. Qd2 Rc8 14. Na3 Bxd6 15. Nxa6 Re8+ 16. Kd1 Qb6 17. Kxc1 Qxa6 18. Qxd4 b4 0-1

[Event "Miercurea Ciuc Bancpost op 21th"]
[Site "Miercurea Ciuc"]
[Date "2018.08.21"]
[Round "5"]
[White "Gheng, Dominik"]
[Black "Meszaros, Andras"]
[Result "1-0"]
[WhiteElo "1920"]
[BlackElo "2256"]
[PlyCount "107"]
[EventDate "2018.08.17"]
[EventType "swiss"]
[EventRounds "7"]
[EventCountry "ROU"]
[SourceTitle "CBM 189 Extra"]
[Source "ChessBase"]
[SourceDate "2019.06.03"]
[SourceVersion "1"]
[SourceVersionDate "2019.06.03"]
[SourceQuality "1"]

1. e4 b6 2. d4 Bb7 3. Nc3 e6 4. Bd3 Nf6 5. Bg5 Be7 6. Nf3 h6 7. Bd2 d5 8. Qe2 a6 9. 0-0-0 Nc6 10. exd5 Nxd5 11. Nxd5 Qxd5 12. c4 Qd6 13. Bc3 Nb4 14. Bb1 Bxf3 15. Qxf3 Bg5+ 16. Bd2 Bxd2+ 17. Rxd2 0-0 18. a3 Nc6 19. Be4 Nxd4 20. Bxa8 Nxf3 21. Rxd6 Ne5 22. Rd4 Rxa8 23. Rhd1 Kf8 24. h3 c5 25. Re4 Nc6 26. Rd7 a5 27. Rc7 Nd4 28. Rb7 Rd8 29. Rxb6 a4 30. Re5 Ke7 31. Rxc5 Ne2+ 32. Kc2 Nd4+ 33. Kc3 f5 34. Kb4 Nc2+ 35. Kxa4 Rd2 36. Rc7+ Kf6 37. c5 Rxf2 38. Rd7 Ne3 39. b3 Rxg2 40. c6 Rc2 41. c7 f4 42. Rb8 g5 43. c8Q Rxc8 44. Rxc8 h5 45. Rf8+ Ke5 46. Rg7 g4 47. hxg4 hxg4 48. b4 g3 49. b5 Nd5 50. Ka5 Ke4 51. b6 Nxb6 52. Kxb6 Kf3 53. a4 e5 54. a5 1-0

[Event "Stuttgart-chA int"]
[Site "Ditzingen"]
[Date "2018.05.11"]
[Round "3"]
[White "Gheng, Dominik"]
[Black "Huels, Maximilian"]
[Result "0-1"]
[WhiteElo "1939"]
[BlackElo "1824"]
[PlyCount "47"]
[EventDate "2018.05.10"]
[EventType "swiss"]
[EventRounds "7"]
[EventCountry "GER"]
[SourceTitle "EXT 2020"]
[Source "ChessBase"]
[SourceDate "2019.10.17"]
[SourceVersion "1"]
[SourceVersionDate "2019.10.17"]
[SourceQuality "1"]

1. e4 e6 2. d4 d5 3. Nd2 Nf6 4. e5 Nfd7 5. Bd3 c5 6. c3 Nc6 7. Ne2 cxd4 8. cxd4 f6 9. exf6 Nxf6 10. 0-0 Bd6 11. Nf3 Qc7 12. Bg5 0-0 13. Nc3 a6 14. Re1 Ng4 15. h3 Bh2+ 16. Kf1 Nxf2 17. Kxf2 Qg3+ 18. Ke3 Rxf3+ 19. Qxf3 Qxg5+ 20. Kf2 Nxd4 21. Qg4 Qf6+ 22. Ke3 e5 23. Ne4 Qh6+ 24. Qg5 0-1

[Event "Stuttgart-chA int"]
[Site "Ditzingen"]
[Date "2018.05.10"]
[Round "1"]
[White "Gheng, Dominik"]
[Black "Leutwyler, Martin"]
[Result "0-1"]
[WhiteElo "1939"]
[BlackElo "2193"]
[PlyCount "48"]
[EventDate "2018.05.10"]
[EventType "swiss"]
[EventRounds "7"]
[EventCountry "GER"]
[SourceTitle "EXT 2020"]
[Source "ChessBase"]
[SourceDate "2019.10.17"]
[SourceVersion "1"]
[SourceVersionDate "2019.10.17"]
[SourceQuality "1"]

1. e4 c6 2. d4 d5 3. exd5 cxd5 4. c4 Nf6 5. Nc3 Nc6 6. Bf4 a6 7. Be5 Be6 8. Nf3 g6 9. Ng5 Bg7 10. Nxe6 fxe6 11. Qb3 0-0 12. cxd5 Nxe5 13. dxe5 Nxd5 14. Bc4 b5 15. Bxd5 exd5 16. Nxd5 Qa5+ 17. Nb4+ Kh8 18. 0-0 Bxe5 19. Rfe1 Bd4 20. Nd3 Qd2 21. Rxe7 Bxf2+ 22. Kh1 Bh4 23. Re4 Rac8 24. g3 Rc2 0-1

[Event "Miercurea Ciuc Bancpost op 19th"]
[Site "Miercurea Ciuc"]
[Date "2016.08.21"]
[Round "7"]
[White "Csavlovics, Jozsef"]
[Black "Gheng, Dominik"]
[Result "0-1"]
[WhiteElo "1508"]
[BlackElo "1834"]
[PlyCount "56"]
[EventDate "2016.08.14"]
[EventType "swiss"]
[EventRounds "7"]
[EventCountry "ROU"]
[SourceTitle "EXT 2020"]
[Source "ChessBase"]
[SourceDate "2019.10.17"]
[SourceVersion "1"]
[SourceVersionDate "2019.10.17"]
[SourceQuality "1"]

1. e4 e5 2. Nf3 Nc6 3. Bc4 Bc5 4. 0-0 Nf6 5. d3 d6 6. c3 a6 7. h3 Na5 8. Bb3 Nxb3 9. axb3 0-0 10. b4 Ba7 11. Bg5 h6 12. Bh4 g5 13. Bg3 Nh5 14. Nh2 Nxg3 15. Re1 Qf6 16. d4 exd4 17. c4 d3 18. Qf3 Ne2+ 19. Rxe2 Qxf3 20. Nxf3 dxe2 21. Nc3 g4 22. hxg4 Bxg4 23. Nxe2 Bxf3 24. gxf3 Kh7 25. Kf1 f5 26. Ng3 fxe4 27. Nxe4 Rxf3 28. Kg2 Rf4 0-1

[Event "Miercurea Ciuc Bancpost op 19th"]
[Site "Miercurea Ciuc"]
[Date "2016.08.20"]
[Round "6"]
[White "Zlatea, Cezar Stelian"]
[Black "Gheng, Dominik"]
[Result "1-0"]
[WhiteElo "1836"]
[BlackElo "1834"]
[PlyCount "75"]
[EventDate "2016.08.14"]
[EventType "swiss"]
[EventRounds "7"]
[EventCountry "ROU"]
[SourceTitle "EXT 2020"]
[Source "ChessBase"]
[SourceDate "2019.10.17"]
[SourceVersion "1"]
[SourceVersionDate "2019.10.17"]
[SourceQuality "1"]

1. e4 e5 2. Nf3 Nc6 3. Bc4 Bc5 4. c3 Nf6 5. d4 exd4 6. e5 d5 7. Bb5 Ne4 8. cxd4 Bb4+ 9. Bd2 Nxd2 10. Nbxd2 Bd7 11. 0-0 0-0 12. Bd3 Bg4 13. Nb3 f6 14. Be2 fxe5 15. dxe5 Kh8 16. a3 Be7 17. Re1 Qd7 18. Rc1 Rad8 19. Nfd4 Bxe2 20. Qxe2 Nxd4 21. Nxd4 c5 22. Nb3 b6 23. Rc3 d4 24. Rh3 Qe6 25. Nd2 Bg5 26. Ne4 Bh6 27. Nd6 Rf4 28. Qh5 Rxd6 29. g3 Rf5 30. Qg4 Rxe5 31. Rxe5 Qg8 32. Qe4 Rd8 33. Rhh5 d3 34. Rd5 d2 35. Qf3 Re8 36. Kg2 Re1 37. Rxh6 gxh6 38. Qf6+ 1-0

[Event "Stuttgart-chA int"]
[Site "Ditzingen"]
[Date "2016.05.07"]
[Round "5"]
[White "Gheng, Dominik"]
[Black "Wohlfahrt, Michael"]
[Result "1-0"]
[WhiteElo "1840"]
[BlackElo "1909"]
[PlyCount "111"]
[EventDate "2016.05.05"]
[EventType "swiss"]
[EventRounds "7"]
[EventCountry "GER"]
[SourceTitle "EXT 2018"]
[Source "ChessBase"]
[SourceDate "2017.10.13"]
[SourceVersion "1"]
[SourceVersionDate "2017.10.13"]
[SourceQuality "1"]

1. e4 c5 2. Nf3 Nc6 3. d4 cxd4 4. Nxd4 Nf6 5. Nc3 e5 6. Nb3 Bb4 7. Bg5 h6 8. Bxf6 Bxc3+ 9. bxc3 Qxf6 10. Bc4 0-0 11. 0-0 a6 12. a4 Rd8 13. Qd2 Qe7 14. f4 d6 15. f5 Qf6 16. Kh1 b6 17. Bd5 Bb7 18. Qf2 Rab8 19. Qxb6 Rdc8 20. Qf2 Ne7 21. Bxb7 Rxb7 22. Na5 Rbc7 23. c4 Rc5 24. Qd2 R8c7 25. Rab1 Nc8 26. Rfd1 Qh4 27. Re1 Qf4 28. Qb4 Qf2 29. c3 f6 30. Red1 Qc2 31. Qb8 Kh7 32. Nb7 Rxc4 33. Nxd6 Nxd6 34. Rxd6 Rxc3 35. Rbd1 Qxa4 36. Qb1 Rc2 37. Re1 Qc4 38. Rdd1 a5 39. Qa1 a4 40. Qa3 Rc3 41. Qf8 Qf7 42. Qa8 Ra7 43. Qb8 Qc7 44. Qf8 Qc8 45. Rd8 Qxd8 46. Qxd8 Rac7 47. h3 Rc8 48. Qa5 R3c4 49. Kh2 R8c5 50. Qa8 Rc8 51. Qd5 R8c5 52. Qf7 Rc7 53. Qg6+ Kg8 54. Rd1 Rf7 55. Rd8+ Rf8 56. Rd7 1-0

[Event "Stuttgart-chA int"]
[Site "Ditzingen"]
[Date "2016.05.05"]
[Round "1"]
[White "Schoenberger, Peter"]
[Black "Gheng, Dominik"]
[Result "1-0"]
[WhiteElo "2088"]
[BlackElo "1840"]
[PlyCount "79"]
[EventDate "2016.05.05"]
[EventType "swiss"]
[EventRounds "7"]
[EventCountry "GER"]
[SourceTitle "EXT 2018"]
[Source "ChessBase"]
[SourceDate "2017.10.13"]
[SourceVersion "1"]
[SourceVersionDate "2017.10.13"]
[SourceQuality "1"]

1. e4 e5 2. Nf3 Nc6 3. Bb5 Nf6 4. Qe2 d6 5. c3 a6 6. Ba4 Be7 7. d3 0-0 8. Nbd2 b5 9. Bc2 Nb8 10. Nf1 Re8 11. Ng3 Bf8 12. a4 Bb7 13. 0-0 g6 14. Bb3 h6 15. h3 Nbd7 16. axb5 axb5 17. Rxa8 Qxa8 18. Be3 Nc5 19. Bxc5 dxc5 20. Nh4 g5 21. Nhf5 c4 22. Bc2 c5 23. dxc4 bxc4 24. Rd1 Rd8 25. Rxd8 Qxd8 26. Qxc4 Qd2 27. Bb3 Qd7 28. f3 Bc6 29. Qa6 h5 30. Nf1 Ne8 31. N1e3 Nc7 32. Qe2 Ne6 33. Nd5 Bxd5 34. exd5 Nf4 35. Qxe5 Qa7 36. Bc4 Qa1+ 37. Bf1 Qxb2 38. d6 Ne6 39. Ne7+ Kh7 40. Bd3+ 1-0

[Event "Forchheim op-B 14th"]
[Site "Forchheim"]
[Date "2015.10.04"]
[Round "4"]
[White "Gheng, Dominik"]
[Black "Weidenhoefer, Robert"]
[Result "1/2-1/2"]
[WhiteElo "1757"]
[BlackElo "1724"]
[PlyCount "43"]
[EventDate "2015.10.02"]
[EventType "swiss"]
[EventRounds "5"]
[EventCountry "GER"]
[SourceTitle "EXT 2019"]
[Source "ChessBase"]
[SourceDate "2018.10.10"]
[SourceVersion "1"]
[SourceVersionDate "2018.10.10"]
[SourceQuality "1"]

1. e4 b6 2. d4 Bb7 3. Nc3 e6 4. Bf4 Bb4 5. Qd3 Nf6 6. f3 Ba6 7. Qd2 Bxf1 8. Kxf1 0-0 9. a3 Be7 10. g4 d5 11. e5 Nfd7 12. h4 c5 13. dxc5 bxc5 14. g5 Nc6 15. Re1 Qa5 16. Qh2 Qa6+ 17. Nce2 Nd4 18. h5 Nf5 19. Nh3 Nd4 20. Nhg1 Nf5 21. Nh3 Nd4 22. Nhg1 1/2-1/2

[Event "GER-ch U12"]
[Site "Willingen"]
[Date "2015.05.26"]
[Round "5"]
[White "Gheng, Dominik"]
[Black "Hassemeier, Mika"]
[Result "1/2-1/2"]
[WhiteElo "1690"]
[BlackElo "1526"]
[PlyCount "83"]
[EventDate "2015.05.24"]
[EventType "swiss"]
[EventRounds "11"]
[EventCountry "GER"]
[SourceTitle "CBM 166 Extra"]
[Source "ChessBase"]
[SourceDate "2015.06.18"]
[SourceVersion "1"]
[SourceVersionDate "2015.06.18"]
[SourceQuality "1"]

1. e4 c5 2. c4 Nc6 3. Nc3 g6 4. g3 Bg7 5. Bg2 e6 6. Nge2 Nge7 7. d3 0-0 8. 0-0 a6 9. Be3 Nd4 10. f4 d6 11. Bf2 Nec6 12. Nxd4 Nxd4 13. Ne2 Nc6 14. d4 cxd4 15. Nxd4 Nxd4 16. Bxd4 e5 17. Bc3 exf4 18. Bxg7 Kxg7 19. Qd4+ Qf6 20. Qxf6+ Kxf6 21. Rad1 Kg7 22. gxf4 Be6 23. Rd4 Rac8 24. b3 Rfd8 25. Rfd1 b6 26. Re1 Kf8 27. Red1 Ke7 28. R4d3 h5 29. Bh3 Bxh3 30. Rxh3 b5 31. cxb5 axb5 32. Rhd3 Rc2 33. R3d2 Rxd2 34. Rxd2 Ke6 35. Rd5 Ra8 36. Rxb5 Rxa2 37. Rb6 f6 38. h4 Re2 39. Rb4 Rb2 40. Rb8 Re2 41. Rb4 Rb2 42. Rb6 1/2-1/2

[Event "GER-ch U12"]
[Site "Willingen"]
[Date "2015.05.24"]
[Round "2"]
[White "Meric, Geoffrey"]
[Black "Gheng, Dominik"]
[Result "1-0"]
[WhiteElo "1510"]
[BlackElo "1690"]
[PlyCount "47"]
[EventDate "2015.05.24"]
[EventType "swiss"]
[EventRounds "11"]
[EventCountry "GER"]
[SourceTitle "CBM 166 Extra"]
[Source "ChessBase"]
[SourceDate "2015.06.18"]
[SourceVersion "1"]
[SourceVersionDate "2015.06.18"]
[SourceQuality "1"]

1. e4 e5 2. Nf3 Nc6 3. Bc4 Bc5 4. 0-0 Nf6 5. d3 d6 6. c3 a6 7. a4 0-0 8. Nbd2 Bg4 9. h3 Bh5 10. Re1 Re8 11. Nf1 h6 12. Ng3 Bg6 13. b4 Bb6 14. Qb3 Re7 15. Nh4 Bh7 16. Nhf5 Rd7 17. Bb2 d5 18. exd5 Nxd5 19. Bxd5 Rxd5 20. b5 axb5 21. axb5 Rxa1 22. Bxa1 Na5 23. Qxd5 Qxd5 24. Ne7+ 1-0

[Event "Stuttgart-chB op"]
[Site "Ditzingen"]
[Date "2015.05.14"]
[Round "1"]
[White "Pibernik, Dario"]
[Black "Gheng, Dominik"]
[Result "1/2-1/2"]
[WhiteElo "1525"]
[BlackElo "1771"]
[PlyCount "51"]
[EventDate "2015.05.17"]
[EventType "swiss"]
[EventRounds "7"]
[EventCountry "GER"]
[SourceTitle "EXT 2018"]
[Source "ChessBase"]
[SourceDate "2017.10.13"]
[SourceVersion "1"]
[SourceVersionDate "2017.10.13"]
[SourceQuality "1"]

1. e4 e5 2. Nf3 Nc6 3. Bc4 Bc5 4. Nc3 Nf6 5. d3 d6 6. h3 h6 7. 0-0 0-0 8. Na4 Na5 9. Nxc5 Nxc4 10. Nxb7 Bxb7 11. dxc4 Nxe4 12. Be3 Qf6 13. Nd2 Qg6 14. Qg4 Qxg4 15. hxg4 Nxd2 16. Bxd2 Be4 17. c3 Bd3 18. Rfe1 Bxc4 19. Re4 Bd5 20. Ra4 Rfd8 21. Be3 a6 22. g5 h5 23. Rh4 g6 24. Kh2 Kg7 25. f4 exf4 26. Rxf4 1/2-1/2

[Event "GER-chT U12"]
[Site "Verden"]
[Date "2014.12.28"]
[Round "4.1"]
[White "Lichtmannecker, Daniel"]
[Black "Gheng, Dominik"]
[Result "1/2-1/2"]
[WhiteElo "1518"]
[BlackElo "1605"]
[PlyCount "93"]
[EventDate "2014.12.27"]
[EventType "team-swiss"]
[EventRounds "7"]
[EventCountry "GER"]
[SourceTitle "EXT 2016"]
[Source "ChessBase"]
[SourceDate "2015.10.08"]
[SourceVersion "1"]
[SourceVersionDate "2015.10.08"]
[SourceQuality "1"]
[WhiteTeam "Ergolding"]
[BlackTeam "Bernhausen"]
[WhiteTeamCountry "GER"]
[BlackTeamCountry "GER"]

1. d4 d5 2. Nf3 e6 3. e3 Nf6 4. Bd3 Be7 5. Nbd2 b6 6. c3 Bb7 7. Ne5 Nbd7 8. f4 c5 9. b3 cxd4 10. exd4 Ne4 11. Nxe4 dxe4 12. Bc2 Nxe5 13. fxe5 Rc8 14. Bb2 e3 15. 0-0 0-0 16. Qe2 Bg5 17. Rad1 Bh6 18. Qg4 Qg5 19. Qxg5 Bxg5 20. Rde1 e2 21. Rxe2 Ba6 22. c4 b5 23. Ra1 bxc4 24. bxc4 Bxc4 25. Ree1 Bd2 26. Red1 Be3+ 27. Kh1 Be2 28. Bb3 Bxd1 29. Rxd1 Rb8 30. Ba3 Rfc8 31. Bd6 Rb7 32. Bc5 Rd7 33. Ba4 Rxc5 34. dxc5 Rxd1+ 35. Bxd1 Bxc5 36. g4 Bd4 37. Kg2 Bxe5 38. h3 f5 39. Bb3 fxg4 40. Bxe6+ Kf8 41. Bxg4 Ke7 42. Kf3 Kf6 43. Bd7 Kg5 44. Bg4 h5 45. Bd7 Kh4 46. Be6 g6 47. Bd7 1/2-1/2

[Event "GER-chT U12"]
[Site "Verden"]
[Date "2014.12.27"]
[Round "2.1"]
[White "Gheng, Dominik"]
[Black "Krastev, Alexander"]
[Result "0-1"]
[WhiteElo "1605"]
[BlackElo "1705"]
[PlyCount "72"]
[EventDate "2014.12.27"]
[EventType "team-swiss"]
[EventRounds "7"]
[EventCountry "GER"]
[SourceTitle "EXT 2016"]
[Source "ChessBase"]
[SourceDate "2015.10.08"]
[SourceVersion "1"]
[SourceVersionDate "2015.10.08"]
[SourceQuality "1"]
[WhiteTeam "Bernhausen"]
[BlackTeam "Biebertal"]
[WhiteTeamCountry "GER"]
[BlackTeamCountry "GER"]

1. e4 e5 2. Nf3 Nc6 3. Bb5 Nf6 4. 0-0 Nxe4 5. Re1 Nd6 6. Nxe5 Be7 7. Qe2 Nd4 8. Qd3 N6xb5 9. c4 d6 10. Nf3 Bf5 11. Qe3 Nc2 12. Qb3 Nxe1 13. Qxb5+ Bd7 14. Qb3 Nxf3+ 15. Qxf3 Bc6 16. Qg3 Bf6 17. Nc3 Qe7 18. Qe3 a6 19. Nd5 Bxd5 20. cxd5 Bd4 21. Qxe7+ Kxe7 22. a4 Rhe8 23. g3 Kd7 24. Ra3 Re1+ 25. Kg2 Rae8 26. Rd3 Ba7 27. Rc3 R8e2 28. Kh3 Rxf2 29. d3 Ree2 30. Bf4 Rxh2+ 31. Kg4 Be3 32. Bxe3 Rxe3 33. Kf4 Rxd3 34. b4 Rf2+ 35. Kg5 Rxd5+ 36. Kh4 Rh2+ 0-1

[Event "Forchheim op-B 13th"]
[Site "Forchheim"]
[Date "2014.10.05"]
[Round "5"]
[White "Gheng, Dominik"]
[Black "Schloetterer, Hermann"]
[Result "0-1"]
[WhiteElo "1733"]
[BlackElo "1915"]
[PlyCount "130"]
[EventDate "2014.10.03"]
[EventType "swiss"]
[EventRounds "5"]
[EventCountry "GER"]
[SourceTitle "EXT 2019"]
[Source "ChessBase"]
[SourceDate "2018.10.10"]
[SourceVersion "1"]
[SourceVersionDate "2018.10.10"]
[SourceQuality "1"]

1. e4 Nf6 2. e5 Nd5 3. Bc4 Nb6 4. Bb3 d5 5. d4 Bf5 6. Ne2 e6 7. Ng3 Bg6 8. Nd2 c5 9. c3 Nc6 10. Nf3 cxd4 11. cxd4 Bb4+ 12. Bd2 Qe7 13. a3 Bxd2+ 14. Qxd2 0-0 15. 0-0 Rac8 16. Rac1 Rc7 17. Bc2 Nc4 18. Qe2 f5 19. Bd3 b5 20. Rfd1 f4 21. Bxg6 fxg3 22. Bd3 gxh2+ 23. Kxh2 Kh8 24. Kg1 g6 25. g3 Qg7 26. Bxc4 bxc4 27. Ng5 Qe7 28. f4 Rb8 29. Qh2 Rb3 30. Rd2 Rcb7 31. Rcc2 Re3 32. Qh3 Rbb3 33. Qxe6 Rxg3+ 34. Kh2 Qxe6 35. Nxe6 Ne7 36. Rg2 Rh3+ 37. Kg1 Nf5 38. Ng5 Rhe3 39. Ne6 Nh4 40. Rgf2 Nf3+ 41. Kf1 Re1+ 42. Kg2 Rg1+ 43. Kh3 h5 44. Rc3 Ne1 45. Rxb3 cxb3 46. Nc5 Rh1+ 47. Rh2 Rg1 48. Nxb3 Nd3 49. Rc2 Nxf4+ 50. Kh2 Rg4 51. Rc8+ Kh7 52. Rc7+ Kh6 53. Rxa7 Rg2+ 54. Kh1 Rxb2 55. Nc5 Nh3 56. e6 Ng5 57. Nd3 Rb1+ 58. Kg2 Nxe6 59. Ra6 Rd1 60. Ne5 Nf4+ 61. Kg3 Rxd4 62. Rf6 Re4 63. Nf7+ Kg7 64. Rxf4 Rxf4 65. Kxf4 Kxf7 0-1

[Event "Forchheim op-B 13th"]
[Site "Forchheim"]
[Date "2014.10.04"]
[Round "3"]
[White "Gheng, Dominik"]
[Black "Sander, Dirk"]
[Result "0-1"]
[WhiteElo "1733"]
[BlackElo "1912"]
[PlyCount "114"]
[EventDate "2014.10.03"]
[EventType "swiss"]
[EventRounds "5"]
[EventCountry "GER"]
[SourceTitle "EXT 2019"]
[Source "ChessBase"]
[SourceDate "2018.10.10"]
[SourceVersion "1"]
[SourceVersionDate "2018.10.10"]
[SourceQuality "1"]

1. e4 c6 2. d4 d5 3. exd5 cxd5 4. c4 Nf6 5. Nc3 Nc6 6. c5 e5 7. Bb5 e4 8. Qa4 Bd7 9. Bg5 a6 10. Bxf6 axb5 11. Bxd8 bxa4 12. Bb6 Nb4 13. Ke2 Bc6 14. a3 Nd3 15. Nh3 Be7 16. Rab1 f5 17. f4 h6 18. Ke3 g5 19. Rhf1 Rf8 20. g3 Kd7 21. Nf2 gxf4+ 22. gxf4 Nxf2 23. Rxf2 Rg8 24. Rc1 Rg4 25. Rcf1 Rag8 26. Ba5 Bh4 27. Re2 Rg2 28. Rh1 Bf6 29. Rhe1 h5 30. Rxg2 Rxg2 31. Re2 Rg4 32. Bb6 h4 33. Ba5 h3 34. Bb4 Bd8 35. Rd2 Bc7 36. Rf2 Ke6 37. Ne2 Bd8 38. Nc3 Kf7 39. Re2 Kg6 40. Rf2 Kh5 41. Re2 Bc7 42. Rf2 Rg2 43. Ne2 Kg4 44. Bd2 Bb5 45. Nc3 Bc4 46. Nxa4 Rxf2 47. Kxf2 Bxf4 48. Bxf4 Kxf4 49. Nb6 e3+ 50. Ke1 Ke4 51. Nxc4 dxc4 52. a4 Kxd4 53. c6 bxc6 54. a5 Kc5 55. a6 Kb6 56. a7 Kxa7 57. Ke2 f4 0-1